000 01755cam a22004454i 4500
003 PE-LiUPU
005 20250731173448.0
008 150616s r 000 0 d
035 _a(Sirsi) a6039
040 _aPE-LiUPU
_bspa
_cPE-LiUPU
_erda
049 _aPRUA
082 0 4 _a254.502
_bA75
_221
100 1 _aArn, Win,
_eautor.
245 1 4 _aThe Pastor`s church Growth Handbook.
264 1 _aPassadena :
_bChurch Growth Press,
_c1979.
300 _a223 páginas ;
_c22 cm.
336 _atext
_2rdacontent
337 _aunmediated
_2rdamedia
338 _avolume
_2rdacarrier
505 0 _aHow to find a Pastor Who Fits Your Church.- Sheep Stealing and Church Growth.- Organizing Laity for outreach.- A Workable Model for Training the Laity.- Somo Practical Ways to Begin.- Seven Characteristics of the Growing Church.- How to Build High Morale in Your Church.- Is Christian Education Stunting Your Growth?.- How to Find receptive people.- New Member Recruitment.
526 _aSEG42
526 _aSEG41
526 _aSEG40
526 _aSEG39
526 _aP94
526 _aP87
526 _aP86
526 _aP85
526 _aP77
526 _aP76
526 _aP35
650 0 4 _aCRECIMIENTO DE IGLESIA - ESTRATEGIAS - MANUALES.
910 _ajck
_bjvq
_cjck
942 _2ddc
_cBOOK
949 _a254.502 A75
_wDEWEY
_c1
_i21332
_lCCODEBUL1
_mBUL
_p00.00
_r0
_sY
_tBOOK
_u19951002
_xTEOLOGIA
_zUNKNOWN
_0COMPRA
_o.STAFF. Colección General
994 _aC0
_bPEPRU
596 _a1
999 _a254.502 A75
_wDEWEY
_c57130
_i21332
_f2021-11-10
_g5
_lCCODEBUL1
_mBUL
_r0
_sY
_tBOOK
_u2015-6-16
_xTEOLOGIA
_zUNKNOWN
_0COMPRA
_o.STAFF. Colección General
_d57130
980 _81
_gALBERTO SANCHEZ Responsable de Automatización